| 000 | 00395nam a2200133 4500 | ||
|---|---|---|---|
| 999 |
_c11951 _d11951 |
||
| 008 | 210115b ||||| |||| 00| 0 eng d | ||
| 082 | 0 | 0 |
_a623.82 _bH8931 |
| 100 |
_94208 _aHughes, C. N. |
||
| 245 | 1 | 0 |
_aShip performance : some technical and commercial aspects / _cby C. N. Hughes |
| 260 |
_aLondon: _bLLP, _c1987. |
||
| 300 | _aix,112 p. | ||
| 650 | 0 | _aShips-Cost of Operation | |
| 942 |
_2ddc _cBK |
||